|
|
|
|
| LEADER |
01358cam a2200301 7i4500 |
| 001 |
0000050251 |
| 005 |
20230714090000.0 |
| 020 |
|
|
|a 9789678927895 (pbk.)
|
| 020 |
|
|
|a 9789678925594 (pbk.)
|
| 090 |
0 |
0 |
|a KPG1610.A311996
|b A78
|
| 110 |
1 |
|
|a Malaysia
|
| 240 |
0 |
0 |
|a Akta Pendidikan 1996
|
| 245 |
1 |
0 |
|a Akta Pendidikan 1996 (akta 550), peraturan-peraturan dan kaedah-kaedah terpilih
|c disusun oleh Lembaga Penyelidikan Undang-Undang.
|
| 260 |
|
|
|a Petaling Jaya, Selangor:
|b International Law Book Services,
|c 2015-.
|
| 300 |
|
|
|a 1 v. (various pagings);
|c 24 cm.
|
| 490 |
1 |
|
|a Undang-undang Malaysia
|
| 500 |
|
|
|a Library has: Hingga 5hb Oktober 2015, Hingga 1hb Disember 2019
|
| 650 |
0 |
0 |
|a Educational law and legislation --
|z Malaysia
|
| 710 |
2 |
|
|a Lembaga Penyelidikan Undang-Undang
|
| 997 |
|
|
|a Education & Social Sciences, Faculty
|b Early Chilhood Studies, Department
|
| 998 |
|
|
|a Early Childhood Education, Degree
|
| 999 |
|
|
|a 0000058720
|b BOK
|c ACTS
|e Ground Floor, Bestari Jaya
|
| 999 |
|
|
|a 0000058721
|b BOK
|c ACTS
|e Ground Floor, Bestari Jaya
|
| 999 |
|
|
|a 0000058722
|b BOK
|c ACTS
|e Ground Floor, Bestari Jaya
|
| 999 |
|
|
|a 0000069252
|b BOK
|c ACTS
|e Ground Floor, Bestari Jaya
|
| 999 |
|
|
|a 0000069253
|b BOK
|c ACTS
|e Ground Floor, Bestari Jaya
|
| 999 |
|
|
|a 0000069254
|b BOK
|c ACTS
|e 2nd Floor, Shah Alam
|
| 999 |
|
|
|a 0000069255
|b BOK
|c ACTS
|e 2nd Floor, Shah Alam
|